<?xml version="1.0" encoding="UTF-8"?>
<record
    xmlns:xsi="http://www.w3.org/2001/XMLSchema-instance"
    xsi:schemaLocation="http://www.loc.gov/MARC21/slim http://www.loc.gov/standards/marcxml/schema/MARC21slim.xsd"
    xmlns="http://www.loc.gov/MARC21/slim">

  <leader>00724cam a22002294i 4500</leader>
  <datafield tag="999" ind1=" " ind2=" ">
    <subfield code="c">57904</subfield>
    <subfield code="d">57904</subfield>
  </datafield>
  <controlfield tag="001">18696213</controlfield>
  <controlfield tag="005">20221110164856.0</controlfield>
  <controlfield tag="008">150713s2015    enka     b    001 0 eng  </controlfield>
  <datafield tag="020" ind1=" " ind2=" ">
    <subfield code="a">9780230220584x</subfield>
  </datafield>
  <datafield tag="041" ind1=" " ind2=" ">
    <subfield code="a">eng</subfield>
  </datafield>
  <datafield tag="080" ind1=" " ind2=" ">
    <subfield code="a">327(4) N-91</subfield>
  </datafield>
  <datafield tag="100" ind1="1" ind2=" ">
    <subfield code="a">Nugent, Neill.</subfield>
    <subfield code="9">10877</subfield>
  </datafield>
  <datafield tag="245" ind1="1" ind2="4">
    <subfield code="a">The European Commission /</subfield>
    <subfield code="c">Neill Nugent and Mark Rhinard.</subfield>
  </datafield>
  <datafield tag="250" ind1=" " ind2=" ">
    <subfield code="a">Second edition.</subfield>
  </datafield>
  <datafield tag="264" ind1=" " ind2="1">
    <subfield code="a">New York, NY :</subfield>
    <subfield code="b">Palgrave Macmillan,</subfield>
    <subfield code="c">2015.</subfield>
  </datafield>
  <datafield tag="300" ind1=" " ind2=" ">
    <subfield code="a">433 pages :</subfield>
    <subfield code="b">illustrations ;</subfield>
    <subfield code="c">24 cm.</subfield>
  </datafield>
  <datafield tag="653" ind1=" " ind2=" ">
    <subfield code="a">The European Commission</subfield>
  </datafield>
  <datafield tag="653" ind1=" " ind2=" ">
    <subfield code="a">&#x10D4;&#x10D5;&#x10E0;&#x10DD;&#x10D9;&#x10DD;&#x10DB;&#x10D8;&#x10E1;&#x10D8;&#x10D0;</subfield>
  </datafield>
  <datafield tag="653" ind1=" " ind2=" ">
    <subfield code="a">&#x415;&#x432;&#x440;&#x43E;&#x43F;&#x435;&#x439;&#x441;&#x43A;&#x430;&#x44F; &#x43A;&#x43E;&#x43C;&#x438;&#x441;&#x441;&#x438;&#x44F;</subfield>
  </datafield>
  <datafield tag="700" ind1="1" ind2=" ">
    <subfield code="a">Rhinard, Mark,</subfield>
    <subfield code="d"> </subfield>
    <subfield code="9">10879</subfield>
    <subfield code="e">&#x10D0;&#x10D5;&#x10E2;&#x10DD;&#x10E0;&#x10D8;</subfield>
  </datafield>
  <datafield tag="942" ind1=" " ind2=" ">
    <subfield code="2">udc</subfield>
    <subfield code="c">BK</subfield>
  </datafield>
  <datafield tag="952" ind1=" " ind2=" ">
    <subfield code="0">0</subfield>
    <subfield code="1">0</subfield>
    <subfield code="2">udc</subfield>
    <subfield code="4">0</subfield>
    <subfield code="6">3274_N91</subfield>
    <subfield code="7">0</subfield>
    <subfield code="9">90006</subfield>
    <subfield code="a">CPL</subfield>
    <subfield code="b">CPL</subfield>
    <subfield code="c">GEN</subfield>
    <subfield code="d">2021-03-31</subfield>
    <subfield code="g">102.00</subfield>
    <subfield code="o">327(4) N-91</subfield>
    <subfield code="p">54093</subfield>
    <subfield code="r">2021-03-31</subfield>
    <subfield code="t">54093</subfield>
    <subfield code="w">2021-03-31</subfield>
    <subfield code="y">BK</subfield>
    <subfield code="z">102.00 GEL.</subfield>
  </datafield>
  <datafield tag="952" ind1=" " ind2=" ">
    <subfield code="0">0</subfield>
    <subfield code="1">0</subfield>
    <subfield code="2">udc</subfield>
    <subfield code="4">0</subfield>
    <subfield code="6">3274_N91</subfield>
    <subfield code="7">0</subfield>
    <subfield code="9">90007</subfield>
    <subfield code="a">CPL</subfield>
    <subfield code="b">CPL</subfield>
    <subfield code="c">GEN</subfield>
    <subfield code="d">2021-03-31</subfield>
    <subfield code="g">102.00</subfield>
    <subfield code="o">327(4) N-91</subfield>
    <subfield code="p">54094</subfield>
    <subfield code="r">2021-03-31</subfield>
    <subfield code="t">54094</subfield>
    <subfield code="w">2021-03-31</subfield>
    <subfield code="y">BK</subfield>
    <subfield code="z">102.00 GEL.</subfield>
  </datafield>
</record>
